| 000 -LEADER |
| fixed length control field |
00298nam a2200121Ia 4500 |
| 008 - FIXED-LENGTH DATA ELEMENTS--GENERAL INFORMATION |
| fixed length control field |
190902s9999||||xx |||||||||||||| ||und|| |
| 020 ## - INTERNATIONAL STANDARD BOOK NUMBER |
| International Standard Book Number |
0-340-80238-3 |
| 100 ## - MAIN ENTRY--PERSONAL NAME |
| Personal name |
Regina L. Smalley |
| 245 #0 - TITLE STATEMENT |
| Title |
Refining Composition Skills |
| 260 ## - PUBLICATION, DISTRIBUTION, ETC. (IMPRINT) |
| Place of publication, distribution, etc |
London |
| Name of publisher, distributor, etc |
Prentice Hall |
| Date of publication, distribution, etc |
1995 |
| 300 ## - PHYSICAL DESCRIPTION |
| Extent |
494 |
| 942 ## - ADDED ENTRY ELEMENTS (KOHA) |
| Koha item type |
Books |